000 00429ntaaa2200181 4500
003 01
005 20251027201621.0
008 0714s1973 ag 01
040 _aAR-BaBN
_bspa
_cAR-BaBN
_eaacr
_dRIC
082 _a248.4000 C23c
100 _aCarré, A.M.
_914923
245 _aLa conversión de cada día
250 _a1 ed.
260 _aMadrid :
_bNarcea,
_cc1971
300 _a239 p
650 _avida cristiana
942 _cBK
999 _c10835
_d10835